| 000 | 02488nam0a2200361 4500 | ||
|---|---|---|---|
| 001 | RU\NLR\BIBL_A\022643409 | ||
| 005 | 20251217150647.0 | ||
| 010 |
_a978-5-361-01457-6 _980 |
||
| 021 |
_aRU _bКН-П-25-052400 _9КН-П-25-5060 |
||
| 035 | _a(NLR Aleph) 022643409 | ||
| 090 |
_a13506762 _c13506762 |
||
| 100 | _a20251014d2025 m y0rusy50 ca | ||
| 101 | 0 | _arus | |
| 102 | _aRU | ||
| 105 | _aa j 000zy | ||
| 181 | 0 |
_ai3 _baxxe |
|
| 182 | 0 | _an | |
| 200 | 1 |
_aОрганизация ремонта автотранспортных средств и их компонентов _eучебное пособие для студентов высших учебных заведений укрупненной группы 23.00.00 - Техника и технологии наземного транспорта _fА. Н. Новиков, Н. А. Загородний, А. А. Конев [и др.] _gМинистерство науки и высшего образования Российской Федерации, Белгородский государственный технологический университет имени В. Г. Шухова, Орловский государственный университет имени И. С. Тургенева |
|
| 203 |
_aТекст _bвизуальный _cнепосредственный |
||
| 210 |
_aБелгород _cИзд-во БГТУ _aОрёл _cОрловский государственный университет _d2025 |
||
| 215 |
_a254 c. _cил. _d21 |
||
| 320 | _aБиблиогр.: с. 253-254 (20 назв.) | ||
| 606 | 1 |
_aАвтомобили _xРемонт _xОборудование _jУчебные издания для высших учебных заведений _2nlr_sh1 _2nlr_sh2 _3RU\NLR\AUTH\6694225 |
|
| 686 | 1 | _aО33-083-5я73-1 | |
| 701 | 1 |
_aНовиков _bА. Н. _cд-р техн. наук, машиностроение _f1958- _gАлександр Николаевич _3RU\NLR\AUTH\7751481 |
|
| 701 | 1 |
_aЗагородний _bН. А. _gНиколай Александрович |
|
| 701 | 1 |
_aКонев _bА. А. _gАлексей Александрович |
|
| 712 | 0 | 2 |
_aБелгородский государственный технологический университет им. В. Г. Шухова _3RU\NLR\AUTH\8810048015 _4475 |
| 942 | _cBOOK | ||
| 980 | _aNB | ||